| 000 | 00363nam a22001457a 4500 | ||
|---|---|---|---|
| 003 | SGT | ||
| 082 |
_a615.82 _bC93D |
||
| 100 | _aDOWNIE, PATRICIA A. | ||
| 245 | _aCASH'S TB. OF GENERAL MEDICAL AND SURGICAL CONDITIONS FOR PHYSIOTHERAPISTS | ||
| 250 | _a2ND | ||
| 260 |
_aINDIA _bJAYPEE _c1993 |
||
| 300 | _a564 | ||
| 650 | _a PYSIOTHERAPY | ||
| 942 |
_2ddc _cBK _075 |
||
| 999 |
_c10236 _d10236 |
||